000 00683nam a2200265Ia 4500
001 6567
005 20240113233924.0
007 ta
008 050628s1963 a g b000 u hin u
020 _cPB
040 _aCotton College Assam
041 _ahin
082 _a891.43309
_bJ 78 Su
100 _aPal, Surendra.
245 0 _aLok Laj Khoyi /
_cSurendra Pal.
_hTextual Documents
250 _a1st ed. /
260 _aAllahabad :
_bNilabh Prakashan ,
_c1963.
300 _a197p. :
_bill. ;
_c18cm .
653 _aHindi novel-Criticism
653 _aHindi fiction-Criticism
653 _aGen-Hindi
942 _2ddc
_cBK
999 _c6554
_d6554